Statistics for World's Most Sparsely Populated Major Cities With Exceptions

Click here to take the quiz!

General Stats

  • This quiz has been taken 30 times
  • The average score is 14 of 16

Answer Stats

DensityCountryCity% Correct
1,900AustraliaSydney
100%
2,500United Arab EmiratesDubai
100%
2,600BelgiumBrussels
100%
2,600CanadaVancouver
100%
2,700CanadaMontreal
100%
2,600HungaryBudapest
97%
2,700NetherlandsRotterdam/Hague
97%
1,500AustraliaMelbourne
93%
2,700GermanyHamburg
90%
2,100UzbekistanTashkent
86%
2,700NigeriaAbuja
86%
1,000AustraliaBrisbane
83%
2,500AzerbaijanBaku
83%
2,500South AfricaPretoria
83%
2,500GermanyEssen/Düsseldorf
69%
2,600JapanNagoya
69%

Score Distribution

Percentile by Number Answered

Percent of People with Each Score

Your Score History

You have not taken this quiz